000 00476nam a2200169Ia 4500
003 GCL
008 140319s9999 xx 000 0 ara d
040 _aGCL /
_cGCL
082 0 4 _a320.1
_bم ع
100 1 _aمحمد جابر الانصارى
245 1 0 _aالعالم العربى سنة 2000 /
_cمحمد جابر الانصارى
300 _a185
490 _aكتاب
_v0
650 0 4 _aالسياسة
650 0 4 _aالسياسة الخارجية
942 _2ddc
_cBK
999 _c42546
_d42546